Stav úverov v SR

Sledovanie vývoja stavu úverov od konca januára 2008 až do konca júna 2019. Analýza dát zo zdroja Národnej banky Slovenska, spracované metódou grafického znázornenia. Celkový stav úverov nefinančných spoločností a domácností. Rast celkovej mesačnej hodnoty úverov. Celkový objem nesplatených úverov.

Enregistré dans:
Détails bibliographiques
Auteur principal: Bikár, Miloš, 1973-
Autres auteurs: Kmeťko, Miroslav, 1969-
Format: Chapitre de livre
Langue:slovaque
Sujets:
Tags: Ajouter un tag
Pas de tags, Soyez le premier à ajouter un tag!

MARC

LEADER 00000naa$a2200000$$$4500
001 0261058
005 20240502074137.9
041 0 |a slo 
044 |a SK 
245 1 0 |a Stav úverov v SR  |c Miloš Bikár, Miroslav Kmeťko 
520 |a Sledovanie vývoja stavu úverov od konca januára 2008 až do konca júna 2019. Analýza dát zo zdroja Národnej banky Slovenska, spracované metódou grafického znázornenia. Celkový stav úverov nefinančných spoločností a domácností. Rast celkovej mesačnej hodnoty úverov. Celkový objem nesplatených úverov. 
610 2 0 |a úver hypotekárny 
610 2 0 |a hypotéky 
610 2 0 |a vývoj 
610 2 0 |a zadlženosť 
610 2 0 |a úver 
610 2 0 |a grafy 
610 2 0 |a financovanie 
100 1 |a Bikár, Miloš, 1973- 
700 1 |a Kmeťko, Miroslav, 1969-